000
00325nam a2200133Ia 4500
008
231129s1971||||xx |||||||||||||| ||spa||
040
_b
spa
082
_a
150.1952 L129
100
_a
Lacan Jacques
245
0
_a
Lectura estructuralista de Freud
260
_c
1971
264
_a
Siglo Veintiuno Editores
942
_2
ddc
_c
BKS
999
_c
19074
_d
19074